00707nam a22002177a 4500003000500000005001700005008004100022010001000063011001000073035001000083040000900093100003600102245010500138260004000243300002200283502007700305650002700382650002500409650002800434650002700462CHAP20220329141026.0971013s1996 r 00010 d a61479 a62451 a66625 cCHAP00aDomínguez Valdez, Ana Bertha. aEvaluación de 10 variedades de cacahuate (Arachis hypogaea L.) en el municipio de Cocula, Guerrero aChapingo, Méx. :bEl autor,c1996 a50 h.b: gráfs. aTesis (Ing. Agr. Esp. en Fitotecnia) -- UACH. Departamento de Fitotecnia14aCacahuatexGenética.14aCacahuatexGuerrero.14aCacahuatexRendimiento.14aCacahuatexVariedades.